[Event "Wch U16"]
[Site "Florianopolis"]
[Date "2024.11.05"]
[Round "7"]
[White "Justiniano Flores, Luis Fernando"]
[Black "Darvekar, Yash"]
[Result "1-0"]
[WhiteElo "1820"]
[BlackElo "1969"]
[PlyCount "87"]
[EventDate "2024.10.29"]
[EventType "swiss"]
[EventRounds "11"]
[EventCountry "BRA"]
[SourceTitle "CB45_2024"]
[Source "ChessBase"]
[SourceDate "2024.11.06"]
[SourceVersion "1"]
[SourceVersionDate "2024.11.06"]
[SourceQuality "1"]

1. d4 Nf6 2. Bf4 d5 3. e3 e6 4. Nf3 Bd6 5. Ne5 0-0 6. Bd3 c5 7. c3 Qc7 8. Nd2 Nbd7 9. Ndf3 a5 10. 0-0 c4 11. Bb1 b5 12. Nxd7 Bxd7 13. Ne5 b4 14. Qf3 a4 15. cxb4 a3 16. b3 cxb3 17. axb3 Bb5 18. Rd1 Qc3 19. Ng4 Be7 20. Bg5 Nxg4 21. Bxe7 Qc7 22. Qh3 f5 23. Bxf8 Rxf8 24. Qg3 Qc3 25. Ba2 Rc8 26. h3 Nf6 27. Qd6 Kf7 28. Qb6 Be2 29. Re1 Ne4 30. Qa7+ Rc7 31. Qxa3 Qd2 32. Rec1 Rc3 33. Rxc3 Qxc3 34. Qc1 Qxb4 35. Bb1 Nc3 36. Ra7+ Kf6 37. Bc2 Bc4 38. Qa3 Ne2+ 39. Kh2 Qxa3 40. Rxa3 Bb5 41. b4 f4 42. Bd3 Bxd3 43. Rxd3 Nc1 44. Rd2 1-0

[Event "Wch U16"]
[Site "Florianopolis"]
[Date "2024.11.03"]
[Round "6"]
[White "Maglioni, Leonardo"]
[Black "Justiniano Flores, Luis Fernando"]
[Result "0-1"]
[WhiteElo "2083"]
[BlackElo "1820"]
[PlyCount "56"]
[EventDate "2024.10.29"]
[EventType "swiss"]
[EventRounds "11"]
[EventCountry "BRA"]
[SourceTitle "CB45_2024"]
[Source "ChessBase"]
[SourceDate "2024.11.06"]
[SourceVersion "1"]
[SourceVersionDate "2024.11.06"]
[SourceQuality "1"]

1. Nf3 d5 2. g3 Nf6 3. Bg2 Bf5 4. 0-0 Nbd7 5. d4 e6 6. c4 c6 7. b3 Be7 8. Nc3 h6 9. Bb2 0-0 10. Nd2 Bh7 11. e4 c5 12. exd5 exd5 13. Nb5 cxd4 14. Nxd4 Nc5 15. Ba3 Qa5 16. Nb5 a6 17. b4 Qd8 18. Nc3 Nd3 19. Nxd5 Nxd5 20. Bxd5 a5 21. Bxb7 axb4 22. Bxa8 Qxa8 23. Bc1 Bf6 24. Rb1 Qxa2 25. f4 Nxc1 26. Qxc1 Bxb1 27. Nxb1 Bd4+ 28. Kh1 Qa8+ 0-1

[Event "Florianopolis op 10th"]
[Site "Florianopolis"]
[Date "2024.01.28"]
[Round "10"]
[White "Justiniano Flores, Luis Fernando"]
[Black "Samaniego, Diego Pinheiro"]
[Result "1/2-1/2"]
[WhiteElo "1486"]
[BlackElo "1806"]
[PlyCount "114"]
[EventDate "2024.01.20"]
[EventType "swiss"]
[EventRounds "10"]
[EventCountry "BRA"]
[SourceTitle "EXT 2025"]
[Source "ChessBase"]
[SourceDate "2024.10.14"]
[SourceVersion "1"]
[SourceVersionDate "2024.10.14"]
[SourceQuality "1"]

1. d4 Nf6 2. Nf3 g6 3. Nc3 Bg7 4. e4 0-0 5. Bc4 d6 6. Bf4 Nbd7 7. Qd2 c5 8. d5 Rb8 9. e5 dxe5 10. Nxe5 Ne4 11. Nxe4 Nxe5 12. Be2 Bf5 13. f3 Rc8 14. g4 Bxe4 15. fxe4 Qb6 16. c4 e6 17. 0-0 Rcd8 18. Rab1 exd5 19. exd5 Nc6 20. Bh6 Nd4 21. Bd3 Qd6 22. Bxg7 Kxg7 23. b4 b5 24. Rf4 Kg8 25. Qf2 Ne6 26. Rf6 cxb4 27. Rf1 Qe7 28. dxe6 Rxd3 29. Rxf7 Rxf7 30. exf7+ Kf8 31. cxb5 Qe3 32. Qxe3 Rxe3 33. Rf4 b3 34. axb3 Rxb3 35. Ra4 Rxb5 36. Rxa7 Rb4 37. h3 Rf4 38. Kg2 Rxf7 39. Ra4 g5 40. Kg3 Kg7 41. Ra3 Kg6 42. Rb3 Rf6 43. h4 gxh4+ 44. Kxh4 h6 45. Rb5 Re6 46. Kg3 Rf6 47. Re5 Rd6 48. Kf4 Rd4+ 49. Kf3 Ra4 50. Re6+ Kg5 51. Re5+ Kg6 52. Re4 Rxe4 53. Kxe4 h5 54. Kf4 h4 55. g5 h3 56. Kg3 h2 57. Kxh2 Kxg5 1/2-1/2

[Event "Florianopolis op 10th"]
[Site "Florianopolis"]
[Date "2024.01.26"]
[Round "8"]
[White "Justiniano Flores, Luis Fernando"]
[Black "Moritz, Diego Homrich"]
[Result "0-1"]
[WhiteElo "1486"]
[BlackElo "1832"]
[PlyCount "84"]
[EventDate "2024.01.20"]
[EventType "swiss"]
[EventRounds "10"]
[EventCountry "BRA"]
[SourceTitle "EXT 2025"]
[Source "ChessBase"]
[SourceDate "2024.10.14"]
[SourceVersion "1"]
[SourceVersionDate "2024.10.14"]
[SourceQuality "1"]

1. d4 d6 2. Nf3 g6 3. Nc3 Bg7 4. Bf4 e6 5. e4 Nd7 6. Bc4 h6 7. h4 a6 8. a4 b6 9. Qe2 Bb7 10. 0-0-0 Ne7 11. g4 Qb8 12. Rd3 Qa7 13. Na2 0-0-0 14. Rc3 Nc6 15. Rd1 Ndb8 16. g5 h5 17. Re3 Rhe8 18. Kb1 Re7 19. b4 Rde8 20. e5 d5 21. Bb3 Rd7 22. c4 dxc4 23. Bxc4 Red8 24. Red3 Ne7 25. Qc2 Be4 26. Nc3 Bxd3 27. Rxd3 Qb7 28. b5 a5 29. Be3 Qxf3 30. d5 Nxd5 31. Nxd5 exd5 32. Bxb6 Qh1+ 33. Ka2 dxc4 34. Qxc4 Qb7 35. e6 Rxd3 36. e7 Rd2+ 37. Kb3 R8d3+ 38. Qxd3 Rxd3+ 39. Kc2 Rc3+ 40. Kd2 Qd5+ 41. Ke2 Qd3+ 42. Ke1 Rc1# 0-1

[Event "Montero"]
[Site "Montero"]
[Date "2023.11.10"]
[Round "3"]
[White "Justiniano Flores, Luis Fernando"]
[Black "Gonzalez Justiniano, Roberto"]
[Result "0-1"]
[WhiteElo "1534"]
[BlackElo "1951"]
[PlyCount "95"]
[EventDate "2023.11.09"]
[EventType "tourn"]
[EventRounds "9"]
[EventCountry "BOL"]
[SourceTitle "EXT 2025"]
[Source "ChessBase"]
[SourceDate "2024.10.14"]
[SourceVersion "1"]
[SourceVersionDate "2024.10.14"]
[SourceQuality "1"]

1. d4 d5 2. Nf3 Nf6 3. Bf4 Bf5 4. e3 e6 5. c4 Bd6 6. Ne5 0-0 7. c5 Bxe5 8. Bxe5 Nbd7 9. Bg3 c6 10. Nc3 Qa5 11. a3 Ne4 12. b4 Qd8 13. Nxe4 Bxe4 14. f3 Bg6 15. h4 h6 16. Bd3 Qf6 17. h5 Qg5 18. Kf2 Bxd3 19. Qxd3 e5 20. Bh4 e4 21. Bxg5 exd3 22. Bf4 a5 23. bxa5 Rxa5 24. Rhb1 Rfa8 25. Rb3 Rb5 26. Rxd3 b6 27. cxb6 Nxb6 28. Bd6 Rb2+ 29. Kg3 Nc4 30. Bf4 Rb5 31. Rc1 Rba5 32. Rcc3 Rxa3 33. Rxa3 Rxa3 34. Rxa3 Nxa3 35. e4 Nc2 36. Be5 f6 37. exd5 cxd5 38. Bf4 Nxd4 39. Kf2 Kf7 40. Ke3 Ne6 41. Bd6 f5 42. g4 fxg4 43. fxg4 g6 44. Bf4 Nxf4 45. Kxf4 gxh5 46. gxh5 Kf6 47. Kg4 Ke6 48. Kg3 0-1